000 01465nam0a2200313 4500
001 RU\NLR\bibl\1428650
005 20260407210330.0
010 _a978-5-93165-242-9
035 _a(NLR Aleph) 001420569
090 _a1340017
_c1340017
100 _a20091012d2009 |||y0rusy50 ca
101 0 _arus
102 _aRU
105 _aab |||||||||
200 1 _aПроблемы прав национальных меньшинств в Латвии и Эстонии
_fИн-т демократии и сотрудничества
_g[ред. В.В. Полещук]
210 _aМосква
_cРусская панорама
_d2009
215 _a243, [1] с.
_cил., карт.
_d22
225 1 _aВызовы XXI века
320 _aБиблиогр. в примеч. в конце разд.
606 1 _aНациональные меньшинства
_xПравовое положение
_yЛатвийская Республика
_92573652
_3RU\NLR\auth\661521804
606 1 _aНациональные меньшинства
_xПравовое положение
_yЭстонская Республика
_92573653
_3RU\NLR\auth\661521805
686 _aХ803.4
702 1 _aПолещук
_bВ. В.
_4340
712 0 2 _4570
_aИнститут демократии и сотрудничества
_cПариж
_3RU\NLR\AUTH\8810138950
_9773137
801 0 _aRU
_bNLR
_c20091012
_gRCR
801 1 _aRU
_bNLR
_c20091012
942 _cBOOK
980 _aNB